{"text_format":"3","workbook":"xlsx","n_sheets":3,"sheets":["Sheet1","Sheet2","Sheet3"],"read":"whole","date_system":"1900"}

{"sheet":"Sheet1","index":0,"n_rows":64,"n_cols":7,"rows_kept":64,"merged":[[0,0,0,6],[1,0,1,6],[63,0,63,4]]}
["控制价清单表"]
["隆昌市城市污水处理设施能力提升项目设计施工总承包 二 标段-材料采购"]
["序号","项目名称","计量\n单位","工程量\n（暂估）","含税控制单价\n(13%）","含税控制合价\n(13%）","备注"]
[1,"商品水稳4%","m3",{"v":2660,"d":"2660.00"},266.57,{"$f":"ROUND(D4*E4,2)","v":{"v":709076.2,"d":"709076.20"}}]
[2,"商品水稳5%","m3",{"v":2660,"d":"2660.00"},266.57,{"v":709076.2,"d":"709076.20"}]
[3,"中粒式沥青混凝土AC-20C","m3",{"v":950,"d":"950.00"},1350.35,{"v":1282832.5,"d":"1282832.50"}]
[4,"细粒式改性沥青混凝土AC-13C","m3",{"v":700,"d":"700.00"},{"v":1412.5,"d":"1412.50"},{"v":988750,"d":"988750.00"}]
[5,"C15商品混凝土","m3",{"v":1000,"d":"1000.00"},444.09,{"v":444090,"d":"444090.00"}]
[6,"C20商品混凝土","m3",{"v":2630,"d":"2630.00"},461.04,{"v":1212535.2,"d":"1212535.20"}]
[7,"C30商品混凝土","m3",{"v":500,"d":"500.00"},482.51,{"v":241255,"d":"241255.00"}]
[8,"C30商品混凝土 P6","m3",{"v":1500,"d":"1500.00"},505.11,{"v":757665,"d":"757665.00"}]
[9,"C30商品混凝土 S6","m3",{"v":1600,"d":"1600.00"},516.41,{"v":826256,"d":"826256.00"}]
[10,"C35商品混凝土 P6","m3",{"v":1600,"d":"1600.00"},520.93,{"v":833488,"d":"833488.00"}]
[11,"C40商品混凝土","m3",{"v":4000,"d":"4000.00"},516.41,{"v":2065640,"d":"2065640.00"}]
[12,"5cm厚透水砖","m2",{"v":3500,"d":"3500.00"},38.53,{"v":134855,"d":"134855.00"}]
[13,"Ⅱ级混凝土管 d1500","m",{"v":330,"d":"330.00"},1346.96,{"v":444496.8,"d":"444496.80"}]
[14,"Ⅱ级混凝土管 d1650","m",{"v":430,"d":"430.00"},1481.43,{"v":637014.9,"d":"637014.90"}]
[15,"Ⅱ级混凝土管 d1800","m",{"v":440,"d":"440.00"},1516.46,{"v":667242.4,"d":"667242.40"}]
[16,"Ⅱ级混凝土管 d2000","m",{"v":280,"d":"280.00"},1685.96,{"v":472068.8,"d":"472068.80"}]
[17,"Ⅱ级混凝土管 d300","m",{"v":3900,"d":"3900.00"},79.44,{"v":309816,"d":"309816.00"}]
[18,"玻纤格栅","m2",13064.97,2.26,29526.83]
[19,"型钢","t",{"v":650,"d":"650.00"},{"v":3785.5,"d":"3785.50"},{"v":2460575,"d":"2460575.00"}]
[20,"高强钢筋 φ 12～16","t",{"v":5,"d":"5.00"},{"v":3991.5,"d":"3991.50"},{"v":19957.5,"d":"19957.50"}]
[21,"热轧带肋钢筋 HRB400 直径φ12～14","t",{"v":170,"d":"170.00"},3763.73,{"v":639834.1,"d":"639834.10"}]
[22,"热轧带肋钢筋 HRB400 直径φ16～25","t",{"v":150,"d":"150.00"},3713.73,{"v":557059.5,"d":"557059.50"}]
[23,"热轧光圆钢筋 HPB300 直径≤φ 10","t",{"v":25,"d":"25.00"},{"v":3976.5,"d":"3976.50"},{"v":99412.5,"d":"99412.50"}]
[24,"反光标志牌 100cm×120cm","个",{"v":23,"d":"23.00"},{"v":508.5,"d":"508.50"},{"v":11695.5,"d":"11695.50"}]
[25,"反光标志牌 80cm×60cm","个",{"v":52,"d":"52.00"},310.75,{"v":16159,"d":"16159.00"}]
[26,"反光标志牌 D80cm","个",{"v":40,"d":"40.00"},{"v":293.8,"d":"293.80"},{"v":11752,"d":"11752.00"}]
[27,"防撞沙桶","个",{"v":128,"d":"128.00"},{"v":113,"d":"113.00"},{"v":14464,"d":"14464.00"}]
[28,"锥形交通标","个",{"v":643,"d":"643.00"},16.95,10898.85]
[29,"球磨铸铁井盖井座 φ600","套",{"v":100,"d":"100.00"},414.65,{"v":41465,"d":"41465.00"}]
[30,"球磨铸铁井盖井座 φ700","套",{"v":800,"d":"800.00"},425.95,{"v":340760,"d":"340760.00"}]
[31,"铸铁井篦450X750","套",{"v":1300,"d":"1300.00"},{"v":285.5,"d":"285.50"},{"v":371150,"d":"371150.00"}]
[32,"标准砖","千匹",{"v":50,"d":"50.00"},{"v":395.5,"d":"395.50"},{"v":19775,"d":"19775.00"}]
[33,"M10湿拌砌筑砂浆","m3",{"v":135,"d":"135.00"},493.81,66664.35]
[34,"M7.5湿拌砌筑砂浆","m3",{"v":200,"d":"200.00"},471.21,{"v":94242,"d":"94242.00"}]
[35,"M15湿拌地面砂浆","m3",{"v":260,"d":"260.00"},510.76,{"v":132797.6,"d":"132797.60"}]
[36,"石屑","m3",{"v":24000,"d":"24000.00"},176.28,{"v":4230720,"d":"4230720.00"}]
[37,"碎石","m3",{"v":10200,"d":"10200.00"},172.89,{"v":1763478,"d":"1763478.00"}]
[38,"水泥 42.5R","t",{"v":200,"d":"200.00"},421.49,{"v":84298,"d":"84298.00"}]
[39,"砂 综合","m3",{"v":10600,"d":"10600.00"},200.01,{"v":2120106,"d":"2120106.00"}]
[40,"钢带增强聚乙烯螺旋波纹管 DN300mmSN8.0","m",{"v":800,"d":"800.00"},159.33,{"v":127464,"d":"127464.00"}]
[41,"钢带增强聚乙烯螺旋波纹管 DN400mmSN12.5","m",{"v":1200,"d":"1200.00"},239.56,{"v":287472,"d":"287472.00"}]
[42,"钢带增强聚乙烯螺旋波纹管 DN400mmSN8.0","m",{"v":5550,"d":"5550.00"},216.96,{"v":1204128,"d":"1204128.00"}]
[43,"钢带增强聚乙烯螺旋波纹管 DN500mmSN12.5","m",{"v":500,"d":"500.00"},436.18,{"v":218090,"d":"218090.00"}]
[44,"钢带增强聚乙烯螺旋波纹管 DN500mmSN8.0","m",{"v":1000,"d":"1000.00"},396.63,{"v":396630,"d":"396630.00"}]
[45,"钢带增强聚乙烯螺旋波纹管 DN600mmSN12.5","m",{"v":700,"d":"700.00"},{"v":565,"d":"565.00"},{"v":395500,"d":"395500.00"}]
[46,"钢带增强聚乙烯螺旋波纹管 DN600mmSN8.0","m",{"v":300,"d":"300.00"},511.89,{"v":153567,"d":"153567.00"}]
[47,"钢带增强聚乙烯螺旋波纹管 DN800mmSN12.5","m",{"v":670,"d":"670.00"},{"v":1028.3,"d":"1028.30"},{"v":688961,"d":"688961.00"}]
[48,"钢带增强聚乙烯螺旋波纹管 DN800mmSN8.0","m",{"v":300,"d":"300.00"},932.25,{"v":279675,"d":"279675.00"}]
[49,"钢带增强聚乙烯螺旋波纹管DN1000mm SN12.5","m",{"v":1100,"d":"1100.00"},1381.99,{"v":1520189,"d":"1520189.00"}]
[50,"钢带增强聚乙烯螺旋波纹管DN1000mm SN8.0","m",{"v":50,"d":"50.00"},1253.17,{"v":62658.5,"d":"62658.50"}]
[51,"钢带增强聚乙烯螺旋波纹管DN1200mm SN12.5","m",{"v":230,"d":"230.00"},{"v":1864.5,"d":"1864.50"},{"v":428835,"d":"428835.00"}]
[52,"围挡","m",{"v":10000,"d":"10000.00"},{"v":169.5,"d":"169.50"},{"v":1695000,"d":"1695000.00"}]
[53,"模板 综合","m2",{"v":35000,"d":"35000.00"},47.46,{"v":1661100,"d":"1661100.00"}]
[54,"PVC护栏板","m2",{"v":7000,"d":"7000.00"},{"v":46.9,"d":"46.90"},{"v":328300,"d":"328300.00"}]
[55,"花岗岩路缘石90×15×30cm","m",{"v":3800,"d":"3800.00"},410.19,{"v":1558722,"d":"1558722.00"}]
[56,"水马 1.3X0.65","m",{"v":2000,"d":"2000.00"},73.45,{"v":146900,"d":"146900.00"}]
[57,"铁马 1.5X1m","m",{"v":500,"d":"500.00"},57.65,{"v":28825,"d":"28825.00"}]
[58,"预制混凝土井筒 φ700","m",{"v":800,"d":"800.00"},301.71,{"v":241368,"d":"241368.00"}]
[59,"遇水膨胀止水带 30×20","m",{"v":2200,"d":"2200.00"},{"v":16.8,"d":"16.80"},{"v":36960,"d":"36960.00"}]
[60,"零星材料","项",{"v":1,"d":"1.00"},294521.79,294521.79]
["合计",{"$nulls":4},{"$f":"SUM(F4:F63)","v":37627815.02}]

{"sheet":"Sheet2","index":1,"n_rows":0,"n_cols":0,"rows_kept":0}

{"sheet":"Sheet3","index":2,"n_rows":0,"n_cols":0,"rows_kept":0}